01879nam a2200289 a 450000100100000000500170001000800410002702000150006804000250008304100380010808200200014624501820016626000620034830000210041050000590043150507030049053400470119365000300124065000400127065000320131065000320134270000340137470000310140804900090143995201240144899900170157200002457120240731114020.0110131s1984 mx r 000 | spa d a968409261X aDO-SdBNPbspacBNPHU17aenghspa2Código de idioma MARC a330.15bC764ó03aEl control de la oferta :bla reactivación de la economía mediante estímulos gubernamentales a la producción /ccompilación David G. Raboy; traducción Aurora Merino. aMéxico, D. F. :bEdiciones Asociados Mexicanos ,c1984. a217 p. ;c20 cm. aIncluye referencia bibliográfica al pie de páginas0 tPrefacio /rEdwin J. Feulner, Jr.tIntroducción /rDavid G. RaboytAnálisis de control de la oferta y la política pública /rNorman B. TuretAntecedentes teóricos de la economía por control de la oferta /rDavid G. RaboytExpectativas relacionales y economía por control de la oferta: ¿pareja dispareja? /rDavid G. TuercktEl sistema de empresa, la democracia y bienestar general: acercamiento a la reconciliación /rRichard E. WagnertImpuestos, ahorro y oferta de mano de obra: teoría y evidencia de distorsiones /rMai Nuyen WootDe la economía Antitrust a la del control de la oferta: la extraña historia de intervención federal en la economía /rNaoimi R. Lamoreaux aTítulo original :tSupply side economics 4aTeoria económica930923 4aLiberalización económica910390 0aEconomía política95976 4aSistemas económicos974221 aRaboy, David G.ecomp.9503831 aMerino, Auroraetr.949136 aBNGR 001054708MOaGRbGRcCTd2011-01-31iLF1l0o330.15 C764óp24571-10r2020-06-25w2020-06-25y4ZPréstamo en sala c24064d24064